[Event "XLIV Memoriał Szachowy Ludwika Zamenhofa 2025, Grupa A"]
[Site "Białystok, Poland"]
[Date "2025.12.29"]
[Round "5.18"]
[White "Podgorski, Maciej"]
[Black "Przybylski, Jan"]
[Result "0-1"]
[TimeControl "90'+30\""]
[WhiteElo "2030"]
[BlackElo "2152"]

1. e4 {[%clk 01:30:57]} {[%emt 00:00:02]} e6 {[%clk 01:30:54]} {[%emt
00:00:07]} 2. d4 {[%clk 01:31:21]} {[%emt 00:00:05]} d5 {[%clk 01:31:18]}
{[%emt 00:00:07]} 3. Nc3 {[%clk 01:31:48]} {[%emt 00:00:04]} Bb4 {[%clk
01:31:36]} {[%emt 00:00:11]} 4. e5 {[%clk 01:32:10]} {[%emt 00:00:07]} c5
{[%clk 01:31:58]} {[%emt 00:00:09]} 5. Bd2 {[%clk 01:32:07]} {[%emt 00:00:33]}
cxd4 {[%clk 01:24:11]} {[%emt 00:08:17]} 6. Nb5 {[%clk 01:31:58]} {[%emt
00:00:39]} Bf8 {[%clk 01:20:45]} {[%emt 00:03:56]} 7. Nxd4 {[%clk 01:31:00]}
{[%emt 00:01:27]} Nc6 {[%clk 01:19:19]} {[%emt 00:01:57]} 8. Bb5 {[%clk
01:27:03]} {[%emt 00:04:27]} Bd7 {[%clk 01:15:03]} {[%emt 00:04:46]} 9. Ngf3
{[%clk 01:23:20]} {[%emt 00:04:13]} Nge7 {[%clk 01:07:00]} {[%emt 00:08:33]} 10.
O-O {[%clk 01:16:31]} {[%emt 00:07:19]} Nxd4 {[%clk 00:54:09]} {[%emt
00:13:21]} 11. Bxd7+ {[%clk 01:16:51]} {[%emt 00:00:10]} Qxd7 {[%clk 00:54:33]}
{[%emt 00:00:06]} 12. Nxd4 {[%clk 01:17:18]} {[%emt 00:00:03]} Nc6 {[%clk
00:54:19]} {[%emt 00:00:45]} 13. Nxc6 {[%clk 01:07:45]} {[%emt 00:10:01]} Qxc6
{[%clk 00:53:43]} {[%emt 00:01:06]} 14. c3 {[%clk 01:07:43]} {[%emt 00:00:33]}
Rc8 {[%clk 00:52:06]} {[%emt 00:02:06]} 15. Re1 {[%clk 01:05:36]} {[%emt
00:02:37]} Qc4 {[%clk 00:43:26]} {[%emt 00:09:11]} 16. a4 {[%clk 01:03:36]}
{[%emt 00:02:30]} Be7 {[%clk 00:40:21]} {[%emt 00:03:35]} 17. a5 {[%clk
01:03:39]} {[%emt 00:00:27]} Qb5 {[%clk 00:36:47]} {[%emt 00:04:04]} 18. Qg4
{[%clk 01:00:40]} {[%emt 00:03:29]} g6 {[%clk 00:33:15]} {[%emt 00:04:02]} 19.
Bh6 {[%clk 00:55:17]} {[%emt 00:05:52]} Rg8 {[%clk 00:28:17]} {[%emt 00:05:28]}
20. a6 {[%clk 00:44:14]} {[%emt 00:11:33]} b6 {[%clk 00:26:56]} {[%emt
00:01:52]} 21. Be3 {[%clk 00:41:10]} {[%emt 00:03:34]} h5 {[%clk 00:20:24]}
{[%emt 00:07:02]} 22. Qd4 {[%clk 00:22:53]} {[%emt 00:18:47]} Bc5 {[%clk
00:14:27]} {[%emt 00:06:26]} 23. Qd2 {[%clk 00:23:06]} {[%emt 00:00:17]} Bxe3
{[%clk 00:14:11]} {[%emt 00:00:47]} 24. Rxe3 {[%clk 00:23:32]} {[%emt
00:00:04]} Rc4 {[%clk 00:14:00]} {[%emt 00:00:40]} 25. Qe2 {[%clk 00:22:28]}
{[%emt 00:01:34]} Ke7 {[%clk 00:12:20]} {[%emt 00:02:11]} 26. h3 {[%clk
00:17:47]} {[%emt 00:05:11]} Rgc8 {[%clk 00:10:02]} {[%emt 00:02:48]} 27. Rd1
{[%clk 00:15:32]} {[%emt 00:02:45]} Qb3 {[%clk 00:06:36]} {[%emt 00:03:56]} 28.
Qf3 {[%clk 00:14:55]} {[%emt 00:01:07]} Ke8 {[%clk 00:04:43]} {[%emt 00:02:23]}
29. Rd2 {[%clk 00:13:46]} {[%emt 00:01:40]} Qa2 {[%clk 00:03:02]} {[%emt
00:02:11]} 30. Kh2 {[%clk 00:10:08]} {[%emt 00:04:08]} Qxa6 {[%clk 00:02:12]}
{[%emt 00:01:19]} 31. Rxd5 {[%clk 00:03:59]} {[%emt 00:06:39]} exd5 {[%clk
00:02:23]} {[%emt 00:00:19]} 32. e6 {[%clk 00:04:26]} {[%emt 00:00:02]} Qb7
{[%clk 00:01:41]} {[%emt 00:01:13]} 33. exf7+ {[%clk 00:04:23]} {[%emt
00:00:33]} Kf8 {[%clk 00:02:06]} {[%emt 00:00:05]} 34. Qf6 {[%clk 00:04:31]}
{[%emt 00:00:20]} Qxf7 {[%clk 00:01:15]} {[%emt 00:01:23]} 35. Qh8+ {[%clk
00:04:23]} {[%emt 00:00:38]} Qg8 {[%clk 00:01:44]} 36. Rf3+ {[%clk 00:04:14]}
{[%emt 00:00:39]} Ke7 {[%clk 00:02:09]} {[%emt 00:00:05]} 37. Qe5+ {[%clk
00:04:33]} {[%emt 00:00:10]} Kd7 {[%clk 00:01:45]} {[%emt 00:00:54]} 38. Rd3
{[%clk 00:03:20]} {[%emt 00:01:44]} Kc6 {[%clk 00:01:28]} {[%emt 00:00:48]} 39.
b3 {[%clk 00:03:26]} {[%emt 00:00:23]} Re4 {[%clk 00:01:25]} {[%emt 00:00:32]}
40. Qg5 {[%clk 00:02:47]} {[%emt 00:01:09]} Qe6 {[%clk 00:01:05]} {[%emt
00:00:51]} 41. g3 {[%clk 00:02:03]} {[%emt 00:01:14]} Rf8 {[%clk 00:00:50]}
{[%emt 00:00:45]} 42. Rd2 {[%clk 00:02:05]} {[%emt 00:00:28]} Qf5 {[%clk
00:00:43]} {[%emt 00:00:37]} 43. Qh6 {[%clk 00:02:24]} {[%emt 00:00:11]} Kb7
{[%clk 00:00:39]} {[%emt 00:00:35]} 44. Qg7+ {[%clk 00:02:33]} {[%emt
00:00:20]} Qf7 {[%clk 00:00:48]} {[%emt 00:00:21]} 45. Qh6 {[%clk 00:02:53]}
{[%emt 00:00:10]} Re1 {[%clk 00:01:00]} {[%emt 00:00:18]} 0-1

[Event "XLIV Memoriał Szachowy Ludwika Zamenhofa 2025, Grupa A"]
[Site "Białystok, Poland"]
[Date "2025.12.29"]
[Round "5.19"]
[White "Buklaho, Ignacy"]
[Black "Karut, Kacper"]
[Result "1/2-1/2"]
[TimeControl "90'+30\""]
[WhiteElo "2049"]
[BlackElo "2148"]

1. c4 {[%clk 01:30:59]} {[%emt 00:00:01]} e5 {[%clk 01:21:07]} {[%emt
00:09:53]} 2. Nc3 {[%clk 01:31:23]} {[%emt 00:00:06]} Nf6 {[%clk 01:21:16]}
{[%emt 00:00:21]} 3. Nf3 {[%clk 01:31:49]} {[%emt 00:00:04]} Nc6 {[%clk
01:21:39]} {[%emt 00:00:07]} 4. g3 {[%clk 01:32:16]} {[%emt 00:00:03]} d5
{[%clk 01:22:00]} {[%emt 00:00:09]} 5. cxd5 {[%clk 01:32:42]} {[%emt 00:00:04]}
Nxd5 {[%clk 01:22:25]} {[%emt 00:00:05]} 6. Bg2 {[%clk 01:33:08]} {[%emt
00:00:04]} Nb6 {[%clk 01:22:43]} {[%emt 00:00:12]} 7. O-O {[%clk 01:33:33]}
{[%emt 00:00:04]} Be7 {[%clk 01:23:10]} {[%emt 00:00:04]} 8. b3 {[%clk
01:33:59]} {[%emt 00:00:04]} O-O {[%clk 01:22:46]} {[%emt 00:00:53]} 9. Bb2
{[%clk 01:34:26]} {[%emt 00:00:04]} Be6 {[%clk 01:20:12]} {[%emt 00:03:04]} 10.
Rc1 {[%clk 01:34:50]} {[%emt 00:00:06]} f5 {[%clk 01:10:10]} {[%emt 00:10:31]}
11. e4 {[%clk 01:31:52]} {[%emt 00:03:28]} Bf6 {[%clk 01:02:04]} {[%emt
00:08:37]} 12. Re1 {[%clk 01:23:04]} {[%emt 00:09:17]} Nb4 {[%clk 00:47:35]}
{[%emt 00:14:59]} 13. Ba3 {[%clk 01:19:27]} {[%emt 00:04:07]} Nd3 {[%emt
00:10:23]} 14. Bxf8 {[%clk 01:17:46]} {[%emt 00:02:10]} Kxf8 {[%emt 00:02:49]}
15. Qe2 {[%emt 00:00:06]} Nxc1 16. Rxc1 {[%clk 01:30:30]} 1/2-1/2

[Event "XLIV Memoriał Szachowy Ludwika Zamenhofa 2025, Grupa A"]
[Site "Białystok, Poland"]
[Date "2025.12.29"]
[Round "5.20"]
[White "Serafin, Franciszek"]
[Black "Obolonin, Filipp"]
[Result "1/2-1/2"]
[TimeControl "90'+30\""]
[WhiteElo "2033"]
[BlackElo "2103"]

1. d4 {[%clk 01:30:59]} {[%emt 00:00:01]} Nf6 {[%clk 01:28:24]} {[%emt
00:02:36]} 2. c4 {[%clk 01:31:18]} {[%emt 00:00:11]} e6 {[%clk 01:28:42]}
{[%emt 00:00:12]} 3. Nc3 {[%clk 01:31:11]} {[%emt 00:00:37]} Bb4 {[%clk
01:28:55]} {[%emt 00:00:16]} 4. e3 {[%clk 01:31:26]} {[%emt 00:00:16]} d5
{[%clk 01:26:23]} {[%emt 00:03:02]} 5. Bd2 {[%clk 01:30:55]} {[%emt 00:01:01]}
c5 {[%clk 01:25:56]} {[%emt 00:00:57]} 6. a3 {[%clk 01:30:27]} {[%emt
00:00:58]} Bxc3 {[%clk 01:26:20]} {[%emt 00:00:06]} 7. Bxc3 {[%clk 01:30:19]}
{[%emt 00:00:39]} cxd4 {[%clk 01:26:42]} {[%emt 00:00:07]} 8. Bxd4 {[%clk
01:30:01]} {[%emt 00:00:48]} O-O {[%clk 01:26:42]} {[%emt 00:00:30]} 9. Nf3
{[%clk 01:30:01]} {[%emt 00:00:30]} dxc4 {[%clk 01:25:54]} {[%emt 00:01:18]} 10.
Bxc4 {[%clk 01:29:55]} {[%emt 00:00:36]} Nc6 {[%clk 01:26:07]} {[%emt
00:00:17]} 11. O-O {[%clk 01:28:22]} {[%emt 00:02:02]} b6 {[%clk 01:21:25]}
{[%emt 00:05:12]} 12. Qe2 {[%clk 01:17:20]} {[%emt 00:11:32]} Qe7 {[%clk
01:18:48]} {[%emt 00:03:08]} 13. h3 {[%clk 01:14:49]} {[%emt 00:03:01]} Bb7
{[%clk 01:18:59]} {[%emt 00:00:19]} 14. Rac1 {[%clk 01:11:59]} {[%emt
00:03:19]} Ne4 {[%clk 01:14:08]} {[%emt 00:05:21]} 15. Ba6 {[%clk 01:08:12]}
{[%emt 00:04:18]} Rfd8 {[%clk 01:09:09]} {[%emt 00:05:28]} 16. Bxb7 {[%clk
01:07:47]} {[%emt 00:00:56]} Qxb7 {[%clk 01:09:31]} {[%emt 00:00:07]} 17. Qc2
{[%clk 01:06:51]} {[%emt 00:01:26]} Ne7 {[%clk 01:06:09]} {[%emt 00:03:52]} 18.
Qc7 {[%clk 00:59:49]} {[%emt 00:07:32]} Rd7 {[%clk 01:04:02]} {[%emt 00:02:37]}
19. Qxb7 {[%clk 00:52:49]} {[%emt 00:07:32]} Rxb7 {[%clk 01:03:37]} {[%emt
00:00:54]} 20. Rfd1 {[%clk 00:52:19]} {[%emt 00:00:59]} f6 {[%clk 01:04:00]}
{[%emt 00:00:08]} 21. Nd2 {[%clk 00:51:08]} {[%emt 00:01:41]} Nxd2 {[%clk
01:04:00]} {[%emt 00:00:30]} 22. Rxd2 {[%clk 00:51:35]} {[%emt 00:00:03]} Rd8
{[%clk 01:03:18]} {[%emt 00:01:12]} 23. Rcd1 {[%clk 00:50:48]} {[%emt
00:01:17]} Rbd7 {[%clk 01:02:02]} {[%emt 00:01:45]} 24. Bc3 {[%clk 00:51:08]}
{[%emt 00:00:11]} Rxd2 {[%clk 01:02:19]} {[%emt 00:00:13]} 25. Rxd2 {[%clk
00:51:34]} {[%emt 00:00:04]} Rxd2 {[%clk 01:02:41]} {[%emt 00:00:08]} 26. Bxd2
{[%clk 00:52:02]} {[%emt 00:00:02]} Kf7 {[%clk 01:01:15]} {[%emt 00:01:56]} 27.
Kf1 {[%clk 00:51:49]} {[%emt 00:00:43]} f5 {[%clk 01:00:08]} {[%emt 00:01:37]}
28. Ke2 {[%clk 00:52:03]} {[%emt 00:00:16]} Nc6 {[%clk 01:00:06]} {[%emt
00:00:32]} 29. Bc3 {[%clk 00:52:00]} {[%emt 00:00:33]} g6 {[%clk 01:00:04]}
{[%emt 00:00:32]} 30. Kd3 {[%clk 00:51:49]} {[%emt 00:00:41]} b5 {[%clk
01:00:28]} {[%emt 00:00:06]} 31. f3 {[%clk 00:50:27]} {[%emt 00:01:52]} Ke7
{[%clk 01:00:40]} {[%emt 00:00:18]} 32. b3 {[%clk 00:44:16]} {[%emt 00:06:41]}
Kd6 {[%clk 00:59:43]} {[%emt 00:01:26]} 33. g3 {[%clk 00:44:11]} {[%emt
00:00:36]} Kc5 {[%clk 00:59:21]} {[%emt 00:00:51]} 34. b4+ {[%clk 00:42:44]}
{[%emt 00:01:58]} Kd6 {[%clk 00:58:58]} {[%emt 00:00:53]} 35. Bd4 {[%clk
00:41:39]} {[%emt 00:01:35]} a6 {[%clk 00:56:19]} {[%emt 00:03:09]} 36. Bc3
{[%clk 00:41:35]} {[%emt 00:00:34]} Nd8 {[%clk 00:54:25]} {[%emt 00:02:24]} 37.
Bd4 {[%clk 00:39:45]} {[%emt 00:02:19]} Nf7 {[%clk 00:54:26]} {[%emt 00:00:28]}
38. h4 {[%clk 00:39:40]} {[%emt 00:00:36]} h5 {[%clk 00:52:49]} {[%emt
00:02:06]} 39. Bb2 {[%clk 00:37:56]} {[%emt 00:02:10]} g5 {[%clk 00:49:13]}
{[%emt 00:04:11]} 40. Bc3 {[%clk 00:30:58]} {[%emt 00:07:29]} gxh4 {[%clk
00:34:15]} {[%emt 00:15:27]} 41. gxh4 {[%clk 00:30:55]} {[%emt 00:00:33]} e5
{[%clk 00:32:42]} {[%emt 00:02:04]} 42. e4 {[%clk 00:30:32]} {[%emt 00:00:52]}
Ke6 {[%clk 00:29:44]} {[%emt 00:03:27]} 43. Bd2 {[%clk 00:30:03]} {[%emt
00:01:00]} Nh8 {[%clk 00:27:03]} {[%emt 00:03:11]} 44. Be1 {[%clk 00:29:23]}
{[%emt 00:01:11]} Ng6 {[%clk 00:23:55]} {[%emt 00:03:36]} 45. Bg3 {[%clk
00:29:33]} {[%emt 00:00:21]} Ne7 {[%clk 00:24:02]} {[%emt 00:00:23]} 46. Be1
{[%clk 00:29:48]} {[%emt 00:00:15]} Nc6 {[%clk 00:24:19]} {[%emt 00:00:13]} 47.
Bc3 {[%clk 00:30:13]} {[%emt 00:00:05]} Nd8 {[%clk 00:22:23]} {[%emt 00:02:26]}
48. Bd2 {[%clk 00:30:19]} {[%emt 00:00:24]} Nf7 {[%clk 00:22:02]} {[%emt
00:00:51]} 49. Be3 {[%clk 00:30:23]} {[%emt 00:00:25]} Nd6 {[%clk 00:22:19]}
{[%emt 00:00:14]} 50. Bd2 {[%clk 00:30:40]} {[%emt 00:00:13]} Ne8 {[%clk
00:12:34]} {[%emt 00:10:14]} 51. Be1 {[%clk 00:29:17]} {[%emt 00:01:54]} Ng7
{[%clk 00:12:11]} {[%emt 00:00:53]} 52. Bc3 {[%clk 00:29:14]} {[%emt 00:00:33]}
Ne8 {[%clk 00:12:11]} {[%emt 00:00:30]} 53. Be1 {[%clk 00:29:38]} {[%emt
00:00:06]} Nd6 {[%clk 00:06:17]} {[%emt 00:06:24]} 54. Bd2 {[%clk 00:29:37]}
{[%emt 00:00:30]} Nb7 {[%clk 00:05:13]} {[%emt 00:01:35]} 55. Be1 {[%clk
00:29:50]} {[%emt 00:00:17]} Nd8 {[%clk 00:05:40]} {[%emt 00:00:04]} 56. Bd2
{[%clk 00:30:09]} {[%emt 00:00:10]} Nc6 {[%clk 00:06:05]} {[%emt 00:00:05]} 57.
Bc3 {[%clk 00:30:28]} {[%emt 00:00:11]} f4 {[%clk 00:02:48]} {[%emt 00:03:46]}
58. Ke2 {[%clk 00:30:46]} {[%emt 00:00:12]} Ne7 {[%clk 00:02:49]} {[%emt
00:00:30]} 59. Be1 {[%clk 00:30:59]} {[%emt 00:00:17]} Nc8 {[%clk 00:03:14]}
{[%emt 00:00:05]} 60. Bc3 {[%clk 00:31:09]} {[%emt 00:00:19]} Nd6 {[%clk
00:03:40]} {[%emt 00:00:05]} 61. Bd2 {[%clk 00:31:32]} {[%emt 00:00:07]} Nc4
{[%clk 00:04:02]} {[%emt 00:00:08]} 62. Bc1 {[%clk 00:31:56]} {[%emt 00:00:05]}
a5 {[%clk 00:04:11]} {[%emt 00:00:22]} 63. Kd3 {[%clk 00:31:42]} {[%emt
00:00:43]} a4 {[%clk 00:03:13]} {[%emt 00:01:29]} 64. Ke2 {[%clk 00:31:32]}
{[%emt 00:00:40]} Nb6 {[%clk 00:03:03]} {[%emt 00:00:40]} 65. Bd2 {[%clk
00:31:42]} {[%emt 00:00:19]} Nc8 {[%clk 00:03:15]} {[%emt 00:00:18]} 66. Kd3
{[%clk 00:32:00]} {[%emt 00:00:12]} Ne7 {[%clk 00:03:39]} {[%emt 00:00:07]} 67.
Be1 {[%clk 00:32:21]} {[%emt 00:00:08]} Nc6 {[%clk 00:03:50]} {[%emt 00:00:19]}
68. Bc3 {[%clk 00:32:43]} {[%emt 00:00:08]} Nd8 {[%clk 00:03:48]} {[%emt
00:00:32]} 69. Be1 {[%clk 00:32:56]} {[%emt 00:00:15]} Nf7 {[%clk 00:04:16]}
{[%emt 00:00:04]} 70. Ke2 {[%clk 00:32:58]} {[%emt 00:00:28]} Nd6 {[%clk
00:04:42]} {[%emt 00:00:04]} 71. Bd2 {[%clk 00:33:18]} {[%emt 00:00:10]} Nc4
{[%clk 00:03:22]} {[%emt 00:01:50]} 72. Bc1 {[%clk 00:33:46]} {[%emt 00:00:02]}
1/2-1/2

[Event "XLIV Memoriał Szachowy Ludwika Zamenhofa 2025, Grupa A"]
[Site "Białystok, Poland"]
[Date "2025.12.29"]
[Round "5.21"]
[White "Ejsymont, Eryk"]
[Black "Flak, Pawel"]
[Result "1-0"]
[TimeControl "90'+30\""]
[WhiteElo "2022"]
[BlackElo "2113"]

1. e4 {[%clk 01:30:57]} {[%emt 00:00:03]} Nf6 {[%clk 01:30:49]} {[%emt
00:00:04]} 2. e5 {[%clk 01:31:22]} {[%emt 00:00:13]} Nd5 {[%clk 01:31:18]}
{[%emt 00:00:01]} 3. c4 {[%clk 01:31:41]} {[%emt 00:00:11]} Nb6 {[%clk
01:31:47]} 4. d4 {[%clk 01:32:05]} {[%emt 00:00:07]} d6 {[%clk 01:32:16]}
{[%emt 00:00:01]} 5. exd6 {[%clk 01:32:24]} {[%emt 00:00:10]} exd6 {[%clk
01:32:44]} {[%emt 00:00:02]} 6. h3 {[%clk 01:32:33]} {[%emt 00:00:21]} Be7
{[%clk 01:33:06]} {[%emt 00:00:08]} 7. Nf3 {[%clk 01:32:49]} {[%emt 00:00:14]}
c6 {[%clk 01:33:28]} {[%emt 00:00:07]} 8. Be2 {[%clk 01:32:59]} {[%emt
00:00:20]} d5 {[%clk 01:33:42]} {[%emt 00:00:17]} 9. c5 {[%clk 01:32:25]}
{[%emt 00:01:03]} N6d7 {[%clk 01:34:06]} {[%emt 00:00:07]} 10. Nc3 {[%clk
01:32:04]} {[%emt 00:00:51]} O-O {[%clk 01:34:33]} {[%emt 00:00:03]} 11. O-O
{[%clk 01:31:19]} {[%emt 00:01:14]} Re8 {[%clk 01:35:01]} {[%emt 00:00:02]} 12.
b4 {[%clk 01:29:40]} {[%emt 00:02:10]} Bf6 {[%clk 01:34:05]} {[%emt 00:01:25]}
13. Qc2 {[%clk 01:28:31]} {[%emt 00:01:40]} Nf8 {[%clk 01:34:01]} {[%emt
00:00:34]} 14. Bd3 {[%clk 01:28:06]} {[%emt 00:00:55]} g6 {[%clk 01:34:25]}
{[%emt 00:00:06]} 15. Rb1 {[%clk 01:26:04]} {[%emt 00:02:32]} Ne6 {[%clk
01:34:32]} {[%emt 00:00:22]} 16. Ne2 {[%clk 01:24:47]} {[%emt 00:01:47]} a6
{[%clk 01:22:44]} {[%emt 00:12:19]} 17. a4 {[%clk 01:24:07]} {[%emt 00:01:09]}
Ng7 {[%clk 01:22:31]} {[%emt 00:00:43]} 18. Bf4 {[%clk 01:10:27]} {[%emt
00:14:10]} Bf5 {[%clk 01:20:29]} {[%emt 00:02:32]} 19. Bxf5 {[%clk 00:57:04]}
{[%emt 00:13:53]} Nxf5 {[%clk 01:20:57]} {[%emt 00:00:03]} 20. Qd3 {[%clk
00:54:50]} {[%emt 00:02:44]} Nd7 {[%clk 01:15:53]} {[%emt 00:05:33]} 21. Ng3
{[%clk 00:46:13]} {[%emt 00:09:07]} Ng7 {[%clk 01:13:13]} {[%emt 00:03:10]} 22.
Be3 {[%clk 00:39:35]} {[%emt 00:07:08]} Ne6 {[%clk 01:11:07]} {[%emt 00:02:36]}
23. Nh2 {[%clk 00:33:55]} {[%emt 00:06:09]} Bg7 {[%clk 01:09:21]} {[%emt
00:02:17]} 24. f4 {[%clk 00:28:06]} {[%emt 00:06:20]} Qe7 {[%clk 00:55:09]}
{[%emt 00:14:42]} 25. Ng4 {[%clk 00:24:17]} {[%emt 00:04:18]} h5 {[%clk
00:50:36]} {[%emt 00:05:03]} 26. Ne5 {[%clk 00:23:57]} {[%emt 00:00:50]} h4
{[%clk 00:50:59]} {[%emt 00:00:07]} 27. Ne2 {[%clk 00:21:42]} {[%emt 00:02:45]}
Nef8 {[%clk 00:50:52]} {[%emt 00:00:36]} 28. Rf3 {[%clk 00:21:08]} {[%emt
00:01:06]} Kh7 {[%clk 00:42:58]} {[%emt 00:08:23]} 29. Rbf1 {[%clk 00:20:20]}
{[%emt 00:01:19]} f6 {[%clk 00:37:39]} {[%emt 00:05:49]} 30. Nxd7 {[%clk
00:18:47]} {[%emt 00:02:02]} Nxd7 {[%clk 00:37:36]} {[%emt 00:00:33]} 31. f5
{[%clk 00:18:42]} {[%emt 00:00:36]} g5 {[%clk 00:36:35]} {[%emt 00:01:31]} 32.
Nc3 {[%clk 00:18:53]} {[%emt 00:00:19]} Bh6 {[%clk 00:36:30]} {[%emt 00:00:34]}
33. g4 {[%clk 00:17:39]} {[%emt 00:01:43]} hxg3 {[%clk 00:32:02]} {[%emt
00:04:59]} 34. Rxg3 {[%clk 00:18:04]} {[%emt 00:00:06]} Kh8 {[%clk 00:30:09]}
{[%emt 00:02:23]} 35. Rf2 {[%clk 00:15:57]} {[%emt 00:02:36]} Rg8 {[%clk
00:25:36]} {[%emt 00:05:03]} 36. Rh2 {[%clk 00:16:01]} {[%emt 00:00:27]} b6
{[%clk 00:17:08]} {[%emt 00:08:58]} 37. Kf2 {[%clk 00:13:21]} {[%emt 00:03:10]}
bxc5 {[%clk 00:17:36]} {[%emt 00:00:02]} 38. bxc5 {[%clk 00:12:20]} {[%emt
00:01:32]} Rg7 {[%clk 00:13:37]} {[%emt 00:04:28]} 39. Bd2 {[%clk 00:06:45]}
{[%emt 00:06:05]} Rh7 {[%clk 00:12:37]} {[%emt 00:01:30]} 40. Rg4 {[%clk
00:05:43]} {[%emt 00:01:32]} Bg7 {[%clk 00:12:05]} {[%emt 00:01:01]} 41. Rh1
{[%clk 00:04:41]} {[%emt 00:01:33]} Qd8 {[%clk 00:08:43]} {[%emt 00:03:52]} 42.
Re1 {[%clk 00:05:00]} {[%emt 00:00:10]} Nf8 {[%clk 00:08:05]} {[%emt 00:01:09]}
43. Kg2 {[%clk 00:04:48]} {[%emt 00:00:42]} Ra7 {[%clk 00:06:43]} {[%emt
00:01:52]} 44. Rb1 {[%clk 00:04:10]} {[%emt 00:01:08]} Qc8 {[%clk 00:06:27]}
{[%emt 00:00:45]} 45. Rb6 {[%clk 00:04:14]} {[%emt 00:00:26]} Nd7 {[%clk
00:06:46]} {[%emt 00:00:11]} 46. Rb1 {[%clk 00:04:43]} {[%emt 00:00:02]} Nf8
{[%clk 00:06:47]} {[%emt 00:00:29]} 47. Re1 {[%clk 00:05:00]} {[%emt 00:00:12]}
Bh6 {[%clk 00:06:19]} {[%emt 00:00:59]} 48. a5 {[%clk 00:04:37]} {[%emt
00:00:53]} Rae7 {[%clk 00:05:44]} {[%emt 00:01:05]} 49. Rb1 {[%clk 00:04:25]}
{[%emt 00:00:42]} Ra7 {[%clk 00:05:58]} {[%emt 00:00:16]} 50. Qf3 {[%clk
00:04:16]} {[%emt 00:00:38]} Qe8 {[%clk 00:05:48]} {[%emt 00:00:40]} 51. Qg3
{[%clk 00:04:03]} {[%emt 00:00:44]} Rhb7 {[%clk 00:05:23]} {[%emt 00:00:55]} 52.
Rb6 {[%clk 00:03:24]} {[%emt 00:01:09]} Nd7 {[%clk 00:03:16]} {[%emt 00:02:37]}
53. Qd6 {[%clk 00:03:15]} {[%emt 00:00:39]} Nxb6 {[%clk 00:02:44]} {[%emt
00:01:03]} 54. axb6 {[%clk 00:03:44]} Ra8 {[%clk 00:03:02]} {[%emt 00:00:11]}
55. Qxf6+ {[%clk 00:04:12]} {[%emt 00:00:01]} Bg7 {[%clk 00:03:28]} {[%emt
00:00:05]} 56. Qxg5 {[%clk 00:04:28]} {[%emt 00:00:13]} Qd8 {[%clk 00:01:42]}
{[%emt 00:02:17]} 57. Qh5+ {[%clk 00:04:36]} {[%emt 00:00:21]} Kg8 {[%clk
00:02:11]} {[%emt 00:00:02]} 58. Qg6 {[%clk 00:04:17]} {[%emt 00:00:49]} Rf7
{[%clk 00:02:02]} {[%emt 00:00:39]} 59. Qxc6 {[%clk 00:03:19]} {[%emt
00:01:28]} Rc8 {[%clk 00:01:24]} {[%emt 00:01:08]} 60. Qxd5 {[%clk 00:03:41]}
{[%emt 00:00:07]} Qf6 {[%clk 00:00:45]} {[%emt 00:01:09]} 61. Qe6 {[%clk
00:02:30]} {[%emt 00:01:42]} Rc6 {[%clk 00:01:10]} {[%emt 00:00:05]} 62. Qxf6
{[%clk 00:02:03]} {[%emt 00:00:57]} Rcxf6 {[%clk 00:01:39]} 63. Rg5 {[%clk
00:01:51]} {[%emt 00:00:42]} Kf8 {[%clk 00:01:33]} {[%emt 00:00:36]} 64. Ne4
{[%clk 00:01:59]} {[%emt 00:00:21]} Rh6 {[%clk 00:01:15]} {[%emt 00:00:49]} 65.
Bf4 {[%clk 00:01:06]} {[%emt 00:01:23]} Bxd4 {[%clk 00:00:56]} {[%emt
00:00:48]} 66. Bd6+ {[%clk 00:01:27]} {[%emt 00:00:09]} Ke8 {[%clk 00:01:18]}
{[%emt 00:00:08]} 67. Rg8+ {[%clk 00:01:27]} {[%emt 00:00:31]} Kd7 {[%clk
00:01:48]} 68. b7 {[%clk 00:01:44]} {[%emt 00:00:13]} 1-0